Los modos de vida mellacoides y sus posibles orígenes / Marcio Veloz Maggiolo (Registro nro. 1373)

Detalles MARC
000 -LEADER
fixed length control field 00514nam a22001931a 4500
001 - CONTROL NUMBER
control field 1373
003 - CONTROL NUMBER IDENTIFIER
control field OSt
005 - DATE AND TIME OF LATEST TRANSACTION
control field 20260204211731.0
008 - FIXED-LENGTH DATA ELEMENTS--GENERAL INFORMATION
fixed length control field 040119s1981||||dr ||||||b||||||||||spa||
050 ## - LIBRARY OF CONGRESS CALL NUMBER
Classification number RD 930.1 V546m
082 ## - DEWEY DECIMAL CLASSIFICATION NUMBER
Classification number RD 930.1 V543m
100 ## - ASIENTO PRINCIPAL -- NOMBRE PERSONAL
Personal name Veloz Maggiolo, Marcio
245 ## - TÍTULO PROPIAMENTE DICHO: SUBTÍTULO
Title Los modos de vida mellacoides y sus posibles orígenes / Marcio Veloz Maggiolo
264 ## - PRODUCTION, PUBLICATION, DISTRIBUTION, MANUFACTURE, AND COPYRIGHT NOTICE
Place of production, publication, distribution, manufacture Santo Domingo : Taller
300 ## - PHYSICAL DESCRIPTION
Extensión 433 p.
500 ## - GENERAL NOTE
General note Incluye indice
650 ## - ASIENTO SECUNDARIO DE MATERIA -- TERMINO TEMÁTICO
Termino Temático Como Elemento de Entrada 1.ArqueologíaÌ
942 ## - ADDED ENTRY ELEMENTS (KOHA)
Source of classification or shelving scheme Dewey Decimal Classification
Koha item type Libros
Existencias
Withdrawn status Lost status Source of classification or shelving scheme Damaged status Not for loan Current library Date acquired Full call number Barcode Date last seen Price effective from Koha item type
  Desaparecido desde hace mucho tiempo (Perdido) Dewey Decimal Classification     Biblioteca UTECO 09/09/2019 RD 930.1 V546M 005192 09/09/2019 09/09/2019 Libros
© 2021 Derechos Reservados UTECO - Teléfono: +1 809-585-2291 - Correo electrónico: biblioteca@uteco.edu.do​  
Código postal 43000 ​​
Dirección: Avenida Universitaria No. 100, 
Cotuí, Provincia Sánchez Ramírez, República Dominicana - RNC: 404-00059-6